One-story homes (Record no. 3994)

MARC details
000 -LEADER
fixed length control field 00380nam a22001577a 4500
008 - FIXED-LENGTH DATA ELEMENTS--GENERAL INFORMATION
fixed length control field 250627b |||||||| |||| 00| 0 eng d
020 ## - INTERNATIONAL STANDARD BOOK NUMBER
ISBN 1931131074
100 ## - MAIN ENTRY--AUTHOR
Author Wood Hanley
245 ## - TITLE STATEMENT
Title One-story homes
250 ## - EDITION STATEMENT
Edition statement 2nd
260 ## - PUBLICATION, DISTRIBUTION, ETC. (IMPRINT)
Place of publication Arizona
Name of publisher Home planners, llc
Date of publication 2002
300 ## - COLLATION
Pagination 448p.
Other physical details ill.
650 ## - TRACINGS
Main Subject Simple story houses
942 ## - ADDED ENTRY ELEMENTS (KOHA)
Item type Computer Files
050 ## - LIBRARY OF CONGRESS CALL NUMBER
Classification number NA7205
Item number .W66
Holdings
Source of classification or shelving scheme Not for loan Permanent location Current location Date acquired Accession No. Full call number Barcode. Koha item type
Library of Congress Classification   Samuel Ogbemudia Main Library, University of Abuja Samuel Ogbemudia Main Library, University of Abuja 06/27/2025 2025/65101 NA7205.W66 2025-2702 Computer Files